<The> Science and art of monetary policy communication editorial introduction

Salvato in:
Dettagli Bibliografici
Autore principale: Čihák, Martin
Natura: Capitolo di libro
Lingua:inglese
Soggetti:
Tags: Aggiungi Tag
Nessun Tag, puoi essere il primo ad aggiungerne!!

MARC

LEADER 00000naa$a2200000$$$4500
001 0074165
005 20231010111906.7
041 0 |a eng 
044 |a CZ 
245 1 0 |a <The> Science and art of monetary policy communication  |b editorial introduction  |c Martin Čihák 
610 2 0 |a politika menová 
610 2 0 |a komunikácia 
610 2 0 |a banky centrálne 
100 1 |a Čihák, Martin